[Event "Hannover-ch U16"]
[Site "Lehrte"]
[Date "2013.10.19"]
[Round "6"]
[White "Gosewisch, Johannes"]
[Black "Yerin, Daniel"]
[Result "0-1"]
[WhiteElo "842"]
[BlackElo "1039"]
[PlyCount "68"]
[EventDate "2013.10.17"]
[EventType "swiss"]
[EventRounds "7"]
[EventCountry "GER"]
[SourceTitle "EXT 2021"]
[Source "ChessBase"]
[SourceDate "2020.10.23"]
[SourceVersion "1"]
[SourceVersionDate "2020.10.23"]
[SourceQuality "1"]

1. e4 c5 2. Nf3 Nc6 3. Bc4 d6 4. Nc3 Nf6 5. d3 g6 6. Be3 Bg7 7. d4 Ng4 8. h3 Nxe3 9. fxe3 0-0 10. Qd2 Na5 11. Bd3 e6 12. 0-0-0 Rb8 13. Be2 b6 14. dxc5 bxc5 15. e5 d5 16. Ne4 Qb6 17. Qc3 dxe4 18. Rd6 Qb4 19. Qxb4 cxb4 20. Ng5 Bxe5 21. Rd2 Bb7 22. Rf1 Bd5 23. b3 f6 24. c4 Bxc4 25. Nxe4 Bxe2 26. Rxe2 Rbc8+ 27. Kb1 f5 28. Ng5 Rc6 29. g4 h6 30. Nf3 fxg4 31. hxg4 g5 32. Rh1 Rxf3 33. Rxh6 Rf1+ 34. Re1 Rxe1# 0-1